000 00899nas a2200265 4500
001 BR8000725
003 BR-BrBNA
005 20231205084124.0
007 ta
008 230509b bl.|||p| |||| 00| 00por d
040 _aBR-BrBNA
_bpor
_cBiblioteca Nacional de Agricultura
041 _a(Pt)
072 _aH20
100 1 _aCosta, A.S.
100 1 _aCosta, C.L.
245 1 _aReducao na incidencia da queima-do-broto da soja com a aplicacao de inseticida sistemico [Glycine max]
246 1 _aBrazilian bud-blight of soybean reduced by the Application of a systemic insecticide [Glycine max]
650 _aDoenca de planta
650 _aSoja
650 _aQueima do broto
650 _aInseticida sistemico
773 0 _tFitopatologia Brasileira (Brazil)
_xISSN 0100-4158
_g(Feb 1980), v. 5(1) p. 115-120
_wBR8000725
909 _a202311
_bLúcia
_c55
_dLúcia Elande
942 _2AGRIS
_n0
_cANA
999 _c103265
_d103265